Хари Потър и стаята на тайните (Запис номер 331930)
[ съкратено ]
| 000 -Лидер | |
|---|---|
| Контролно поле с фиксирана дължина | 00983nam a2200265 a 4500 |
| 003 - Код на организацията, давaща контролен номер | |
| Контролно поле | BLK |
| 005 - Дата и час на последна редакция | |
| Контролно поле | 20250719132606.0 |
| 008 - Елементи от данни с фиксирана дължина | |
| fixed length control field | 190702b bu ||||| |||| 00| 0 bu d |
| 020 ## - Международен стандартен номер на книга ISBN | |
| Международен стандартен номер на книга ISBN | 978-954-446-491-3 |
| 020 ## - Международен стандартен номер на книга ISBN | |
| Международен стандартен номер на книга ISBN | 9789544460501 |
| 040 ## - Източник на каталожния запис | |
| Идентификатор на билиотеката - собственик на записа | BLK |
| 041 ## - Код за език | |
| Код за езика на текст/звукозапис или на отделно заглавие | Български |
| Код за езика КДБФ | Български |
| 080 ## - УДК | |
| Текстов определител УДК | Английска литература |
| УДК код - определител по УДК | 821.111 |
| УДК определител | -93 |
| УДК - код + определител | 821.111-93 |
| 100 ## - Редна дума - Автор | |
| Автор | Роулинг, Джоан Катлийн |
| Дати, свързани с автора | 1965- |
| R(LIN) | 271457 |
| 139 ## - Редно поле | |
| Редна дума | Роулинг, Джоан К. |
| Авторски знак | Рот - Р 87 |
| 245 ## - Сведения за заглавието | |
| Заглавие | Хари Потър и стаята на тайните |
| Редно поле (дума) | Дж. К. Роулинг ; Прев. Мариана Екимова-Мелнишка |
| 260 ## - Област на издателските данни | |
| 9 (RLIN) | 209434 |
| Място на издаване, разпространение и проч. | София |
| Име на издателя, разпространителя и проч. | Егмонт България |
| Година на издаване | 2016 |
| 300 ## - Физическа характеристика | |
| Страници | 304 с. |
| Илюстрации и др. | 23 см |
| 380 ## - Жанр | |
| Жанр | Детска худож. лит. |
| 700 ## - Други автори (авторска отговорност) | |
| Лично име | Екимова-Мелнишка, Мариана Христова |
| 9 (RLIN) | 372386 |
| 852 ## - Местоположение | |
| Форматна сигнатура | Цб 295474 |
| 999 ## - СИСТЕМНИ КОНТРОЛНИ НОМЕРА | |
| Koha biblionumber | 331930 |
| Koha biblioitemnumber | 331930 |
| 942 ## - АРТИКУЛИ | |
| Скрит в OPAC | Не |
| Вид на библиотечния материал | Книги |
| Периодичен библиозапис | Да |
| Koha issues (borrowed), all copies | 93 |
| 999 ## - СИСТЕМНИ КОНТРОЛНИ НОМЕРА | |
| Koha biblioitemnumber | 331930 |
| 944 ## - СЪЗДАВАНЕ И РЕДАКЦИЯ на ЗАПИСА | |
| Служител, извършил регистрацията/редакцията | 30542 |
| Статус, дата на статуса | Русанова Ирена |
| Код за отписване | Код за изгубен артикул | Източник на класификационната схема | Код за повреда | Код за отдаване | Артикулен № | Име на библиотеката - собственик | Име на библиотеката, в която се намира в момента | Статус (Текущо местоположение) | Дата на вписване в системата | Местоположение - отдел | Цена в лева | Инвентарен номер | Систематично азбучна сигнатура | Баркод | Цена в евро | Служебен тип на артикула | Коз за рестрикции |
|---|---|---|---|---|---|---|---|---|---|---|---|---|---|---|---|---|---|
| Не е изгубен | Universal Decimal Classification | Не е повреден | ползва се в читалня | 727905 | Регионална библиотека "Любен Каравелов" Русе | Регионална библиотека "Любен Каравелов" Русе | Хранилище | 2019-07-04 | Основен фонд - ползва се само за читалня | 19.90 | 120000833068 | Цб 295474 | 120000833068 | 10.17 | Книги | ||
| Не е изгубен | Universal Decimal Classification | Не е повреден | заемане за дома | 750542 | Регионална библиотека "Любен Каравелов" Русе | Регионална библиотека "Любен Каравелов" Русе | Детски отдел | 2019-12-03 | Детски отдел | 14.53 | ДХ 820/899/Р 87 | 120000839301 | 7.43 | Книги | без рестрикции | ||
| Не е изгубен | Universal Decimal Classification | Не е повреден | заемане за дома | 750543 | Регионална библиотека "Любен Каравелов" Русе | Регионална библиотека "Любен Каравелов" Русе | Детски отдел | 2019-12-03 | Детски отдел | 14.53 | ДХ 820/899/Р 87 | 120000839300 | 7.43 | Книги | без рестрикции | ||
| Изтеглен | Не е изгубен | Universal Decimal Classification | Не е повреден | заемане за дома | 750544 | Регионална библиотека "Любен Каравелов" Русе | Регионална библиотека "Любен Каравелов" Русе | Детски отдел | 2019-12-03 | Детски отдел | 14.53 | ДХ 820/899/Р 87 | 120000839299 | 7.43 | Книги | без рестрикции | |
| Не е изгубен | Universal Decimal Classification | Не е повреден | заемане за дома | 975397 | Регионална библиотека "Любен Каравелов" Русе | Регионална библиотека "Любен Каравелов" Русе | Детски отдел | 2025-06-10 | Детски отдел | 19.90 | 120000920389 | 821-93/Р 87 Д | 120000920389 | 10.17 | Книги |